[Event "4NCL Online Division 7"]
[Site "online"]
[Date "2021.04.06"]
[EventDate "2021.04.06"]
[Round "6.342"]
[White "Le Fevre, Stephen D"]
[WhiteElo "1338"]
[WhiteTeam "Wessex Some Stars H"]
[Black "Rowland, Benjamin"]
[BlackElo "1142"]
[BlackTeam "Barnet Knights F"]
[Result "1-0"]
[PlyCount "111"]

1. Nf3 d5 2. d4 Nf6 3. Bf4 Bf5 4. e3 a6 5. h3 e6 6. Bd3 Bg6 7. O-O Bd6 8. Ne5 Bxe5 9. Bxe5 Nc6 10. Bh2 Qe7 11. c3 Bxd3 12. Qxd3 O-O 13. Nd2 e5 14. dxe5 Nxe5 15. Qe2 c6 16. Nf3 Nxf3+ 17. Qxf3 Qe4 18. Qe2 Rac8 19. Rfd1 Rfd8 20. Rd4 Qe6 21. Rad1 c5 22. R4d3 Rd7 23. Qf3 Qe4 24. Qxe4 Nxe4 25. Rxd5 Re7 26. Rd8+ Re8 27. Rxe8+ Rxe8 28. Rd7 b5 29. Bd6 Nxd6 30. Rxd6 Ra8 31. e4 f6 32. f3 Ra7 33. Kf2 Kf7 34. Ke3 g5 35. f4 h6 36. e5 Re7 37. Rxf6+ Kg7 38. Ke4 gxf4 39. Kxf4 Rf7 40. Kf5 Rxf6+ 41. exf6+ Kf7 42. g4 b4 43. h4 a5 44. g5 bxc3 45. bxc3 hxg5 46. hxg5 c4 47. g6+ Kg8 48. Ke6 a4 49. Ke7 a3 50. f7+ Kg7 51. f8=Q+ Kxg6 52. Ke6 Kg5 53. Qf5+ Kh6 54. Qg4 Kh7 55. Kf7 Kh6 56. Qg6# 1-0

[Event "4NCL Online Division 7"]
[Site "online"]
[Date "2021.04.06"]
[EventDate "2021.04.06"]
[Round "6.343"]
[White "Rasalingam, Rishi"]
[WhiteElo "1181"]
[WhiteTeam "Barnet Knights F"]
[Black "Lucas, Janet"]
[BlackElo "1120"]
[BlackTeam "Wessex Some Stars H"]
[Result "1-0"]
[PlyCount "113"]

1. e4 e5 2. f4 Nc6 3. Nf3 d6 4. Bc4 Nf6 5. Nc3 Nd4 6. d3 Be6 7. Bxe6 Nxe6 8. fxe5 Ng4 9. exd6 Bxd6 10. O-O Bf4 11. h3 Be3+ 12. Kh1 Nf2+ 13. Rxf2 Bxf2 14. Qf1 Bc5 15. Ne5 Qf6 16. Qxf6 gxf6 17. Ng4 Bd4 18. Nb5 a6 19. Nxd4 Nxd4 20. Bf4 O-O-O 21. Nxf6 h5 22. Be5 Ne6 23. Nd5 Rh6 24. Rf1 Rf8 25. Nf4 Re8 26. Nd5 Nc5 27. Rxf7 Nd7 28. Bxc7 Rhh8 29. Nb6+ Kxc7 30. Nxd7 Kd6 31. Nb6 Rhf8 32. Rxf8 Rxf8 33. Nc4+ Kc7 34. e5 Rf1+ 35. Kh2 Re1 36. d4 b5 37. Nd6 Kc6 38. g4 Re2+ 39. Kg3 Kd5 40. c3 Rxb2 41. g5 Rc2 42. g6 Rxc3+ 43. Kh4 Kxd4 44. g7 Kxe5 45. g8=Q Kxd6 46. Qg6+ Kc5 47. Qxh5+ Kb4 48. Qh8 Rc4+ 49. Kg3 Ka3 50. Qa1 Rb4 51. Qc3+ Ka4 52. h4 Rc4 53. Qb3+ Ka5 54. h5 Kb6 55. h6 b4 56. Qxc4 a5 57. h7 1-0

[Event "4NCL Online Division 7"]
[Site "online"]
[Date "2021.04.06"]
[EventDate "2021.04.06"]
[Round "6.344"]
[White "Wright, George A"]
[WhiteElo "1082"]
[WhiteTeam "Wessex Some Stars H"]
[Black "Kuryan, Elizabeth"]
[BlackElo "910"]
[BlackTeam "Barnet Knights F"]
[Result "0-1"]
[PlyCount "100"]

1. b3 e5 2. Bb2 Nc6 3. e3 d5 4. Bb5 Bd6 5. c4 dxc4 6. Bxc4 Nf6 7. h3 Qe7 8. Nf3 Be6 9. Qe2 a6 10. d4 exd4 11. Nxd4 Nxd4 12. Bxd4 b5 13. Bxe6 Qxe6 14. Nd2 O-O 15. Nf3 Bb4+ 16. Nd2 c5 17. Bxf6 Qxf6 18. O-O Rad8 19. Ne4 Qe5 20. Qf3 Rfe8 21. Ng3 Rd2 22. Nh5 Bc3 23. Rad1 Rxa2 24. Rd7 Rf8 25. Qg4 g6 26. Nf4 Rb2 27. Nd3 Qf6 28. Nxb2 Bxb2 29. Rfd1 Qc3 30. Rd8 Qxb3 31. Rxf8+ Kxf8 32. Rd8+ Kg7 33. Qc8 c4 34. Rg8+ Kh6 35. Qg4 Bf6 36. Qf4+ Bg5 37. Qg4 c3 38. h4 Qd5 39. hxg5+ Qxg5 40. Qd4 c2 41. Rc8 Qf5 42. Qh4+ Kg7 43. e4 Qxc8 44. Kh2 c1=Q 45. e5 Qf5 46. e6 Qxe6 47. Qd4+ Qf6 48. Qd3 Qff4+ 49. g3 Qxf2+ 50. Kh3 Qh1+ 0-1

[Event "4NCL Online Division 7"]
[Site "online"]
[Date "2021.04.06"]
[EventDate "2021.04.06"]
[Round "6.351"]
[White "Mahon, Paul"]
[WhiteElo "1150"]
[WhiteTeam "Wantage C"]
[Black "Humeniuk, Michael"]
[BlackElo "1496"]
[BlackTeam "Hertford 4"]
[Result "1/2-1/2"]
[PlyCount "142"]

1. e4 e5 2. Nf3 Nc6 3. Bc4 Bc5 4. O-O d6 5. c3 Nf6 6. d4 exd4 7. cxd4 Bb6 8. Re1 O-O 9. Bg5 Bg4 10. d5 Ne5 11. Be2 h6 12. Bh4 Re8 13. Nxe5 Bxe2 14. Rxe2 dxe5 15. Nd2 Qd6 16. Nc4 Qd8 17. Nxb6 axb6 18. Re1 Qd6 19. Qf3 Ra4 20. Bxf6 Qxf6 21. Qxf6 gxf6 22. a3 Kf8 23. Rac1 Re7 24. f3 Ra5 25. Rc2 Rc5 26. Rec1 Rxc2 27. Rxc2 Rd7 28. Kf2 Ke7 29. Kg3 Kd6 30. Kg4 Rd8 31. Kf5 Rg8 32. Kxf6 h5 33. Kxf7 Rg5 34. Kf6 Rg8 35. Kf5 h4 36. Kf6 Rf8+ 37. Kg5 Rf4 38. Rc3 Kd7 39. b3 Kd6 40. a4 Kd7 41. g3 hxg3 42. hxg3 Rf8 43. Kg4 Rg8+ 44. Kh3 Rh8+ 45. Kg2 Kd6 46. Rc1 Rh7 47. b4 Rh8 48. Rg1 Ke7 49. Rh1 Ra8 50. Ra1 b5 51. a5 b6 52. a6 Kf6 53. a7 Ke7 54. Kf2 c5 55. dxc6 Kd6 56. c7 Kxc7 57. Rc1+ Kb7 58. Ra1 Kc7 59. Ke3 Kb7 60. Kd3 Rd8+ 61. Ke2 Ka8 62. Ra2 Rd4 63. Rb2 Rc4 64. Kf2 Kxa7 65. Ra2+ Kb7 66. Rb2 Kc7 67. Ke2 Kb7 68. Kf2 Rd4 69. Ke2 Rc4 70. Kd2 Rd4+ 71. Ke2 Rc4 1/2-1/2

[Event "4NCL Online Division 7"]
[Site "online"]
[Date "2021.04.06"]
[EventDate "2021.04.06"]
[Round "6.352"]
[White "Gregory, Gerald"]
[WhiteElo "1417"]
[WhiteTeam "Hertford 4"]
[Black "Kachkanov, Slava"]
[BlackElo "1150"]
[BlackTeam "Wantage C"]
[Result "1-0"]
[PlyCount "103"]

1. e4 c5 2. Nf3 Nf6 3. e5 Nd5 4. d4 d6 5. dxc5 dxc5 6. c4 Nb6 7. Qxd8+ Kxd8 8. Nc3 e6 9. Bd3 Nc6 10. O-O a6 11. a3 f6 12. Re1 fxe5 13. Nxe5 Nxe5 14. Rxe5 Bd6 15. Re1 e5 16. Ne4 Kc7 17. Nxd6 Kxd6 18. b3 Be6 19. Bb2 Nd7 20. Rad1 Bg4 21. Be2+ Kc6 22. Bxg4 Rad8 23. Bxd7+ Rxd7 24. Rxd7 Kxd7 25. Rxe5 Kd6 26. Rd5+ Kc6 27. Bxg7 Re8 28. Kf1 Re7 29. Bf8 Re4 30. Rxc5+ Kb6 31. Rd5 Kc6 32. Rd3 Re8 33. Bh6 Re6 34. Be3 h6 35. f4 h5 36. Kf2 Rg6 37. g3 Rf6 38. Kf3 Rf5 39. Rd5 Rf6 40. Rxh5 Rd6 41. Rd5 Re6 42. f5 Rf6 43. g4 b5 44. g5 Rf7 45. g6 Rf6 46. g7 bxc4 47. bxc4 Rh6 48. Bxh6 Kb6 49. g8=Q Kc6 50. Qe6+ Kc7 51. Rd7+ Kc8 52. Qe8# 1-0

[Event "4NCL Online Division 7"]
[Site "online"]
[Date "2021.04.06"]
[EventDate "2021.04.06"]
[Round "6.353"]
[White "Cordon, Ray"]
[WhiteElo "1192"]
[WhiteTeam "Wantage C"]
[Black "Hurley, James"]
[BlackElo "1323"]
[BlackTeam "Hertford 4"]
[Result "0-1"]
[PlyCount "54"]

1. e4 e5 2. Nc3 Nc6 3. Bc4 d6 4. Nf3 Bg4 5. O-O Nd4 6. Be2 Nf6 7. h3 Bxf3 8. Bxf3 Be7 9. d3 O-O 10. Be3 c6 11. Ne2 Nxf3+ 12. gxf3 Nh5 13. Ng3 Nf4 14. Kh2 g6 15. Rg1 Bg5 16. Nf5 gxf5 17. h4 h6 18. hxg5 hxg5 19. exf5 Qf6 20. Bxf4 exf4 21. Qf1 Qxf5 22. Qh3 Qxh3+ 23. Kxh3 f6 24. Rae1 Kf7 25. Kg4 Kg6 26. Re6 Rh8 27. Rg3 Rh4# 0-1

[Event "4NCL Online Division 7"]
[Site "online"]
[Date "2021.04.06"]
[EventDate "2021.04.06"]
[Round "6.354"]
[White "Berkhout, Theo"]
[WhiteElo "1077"]
[WhiteTeam "Hertford 4"]
[Black "Reeves, Thomas"]
[BlackElo "925"]
[BlackTeam "Wantage C"]
[Result "1-0"]
[PlyCount "125"]

1. c4 e5 2. Nc3 Nf6 3. e3 Nc6 4. d4 Bb4 5. Bd2 exd4 6. exd4 Qe7+ 7. Qe2 Nxd4 8. Qxe7+ Kxe7 9. O-O-O c6 10. Bg5 Ne6 11. Re1 Kf8 12. Bxf6 gxf6 13. h4 b6 14. Nf3 Ba6 15. Rd1 Rd8 16. Ne4 Ke7 17. g4 d5 18. cxd5 cxd5 19. Bxa6 dxe4 20. Rxd8 Rxd8 21. Nh2 Bd2+ 22. Kb1 e3 23. fxe3 Bxe3 24. Be2 Nf4 25. Bf3 Nd3 26. Rd1 Rd7 27. Be4 Nf2 28. Rxd7+ Kxd7 29. Bxh7 Ke6 30. Kc2 Bh6 31. Kc3 Ne4+ 32. Kd4 Nc5 33. Bf5+ Ke7 34. Kd5 Bf4 35. h5 Bxh2 36. h6 Kf8 37. Kc6 Bf4 38. h7 Kg7 39. Kb5 Ne6 40. Ka6 Nf8 41. Kxa7 Nxh7 42. Kxb6 Be5 43. b4 Bd4+ 44. Kc6 Nf8 45. a4 Ne6 46. a5 Nd8+ 47. Kd5 Bc3 48. Kc4 Be5 49. b5 Nb7 50. a6 Nd6+ 51. Kc5 Ne8 52. a7 Nc7 53. b6 Na8 54. b7 Nc7 55. a8=Q Nxa8 56. bxa8=Q Bf4 57. Qh1 Bh6 58. Kd6 Bf4+ 59. Kd7 Bh6 60. Ke8 Kg8 61. g5 fxg5 62. Qxh6 f6 63. Qh7# 1-0

[Event "4NCL Online Division 7"]
[Site "online"]
[Date "2021.04.06"]
[EventDate "2021.04.06"]
[Round "6.361"]
[White "Woods, Nicholas"]
[WhiteElo "1350"]
[WhiteTeam "Downend & Fishponds 3"]
[Black "Lewin, Chris"]
[BlackElo "1250"]
[BlackTeam "Deaf England 2"]
[Result "0-1"]
[PlyCount "82"]

1. d4 d5 2. c4 e6 3. e3 Nf6 4. Nf3 Nc6 5. cxd5 exd5 6. h3 a6 7. Bd3 Nb4 8. O-O Nxd3 9. Qxd3 h6 10. Re1 Be7 11. Nc3 O-O 12. e4 dxe4 13. Nxe4 Nxe4 14. Qxe4 Bf6 15. Rd1 Re8 16. Qc2 c6 17. Be3 Be6 18. Rd2 Bd5 19. b3 Bxf3 20. gxf3 Qd5 21. Kg2 Bg5 22. Bxg5 Qxg5+ 23. Kh2 Re6 24. Rad1 Rg6 25. Qxg6 Qxg6 26. Rg1 Qf6 27. d5 Qf4+ 28. Rg3 Qxd2 29. dxc6 bxc6 30. Rg2 Qxa2 31. b4 Rb8 32. f4 Rxb4 33. f3 Qa3 34. Kg3 Rb2 35. Rg1 Qd6 36. Rf1 Qg6+ 37. Kh4 Qf6+ 38. Kg3 Qg6+ 39. Kh4 Rg2 40. Ra1 Qf6+ 41. Kh5 Qxf4 0-1

[Event "4NCL Online Division 7"]
[Site "online"]
[Date "2021.04.06"]
[EventDate "2021.04.06"]
[Round "6.362"]
[White "Oâ€™Donnell, Anthony"]
[WhiteElo "1250"]
[WhiteTeam "Deaf England 2"]
[Black "Bleeg, Elliott"]
[BlackElo "1309"]
[BlackTeam "Downend & Fishponds 3"]
[Result "0-1"]
[PlyCount "74"]

1. Nf3 Nc6 2. d4 d5 3. c3 Bf5 4. Nbd2 Nf6 5. e3 e6 6. Bb5 Qd7 7. Ne5 Qd6 8. O-O a6 9. Ba4 b5 10. Bb3 Nxe5 11. dxe5 Qxe5 12. Nf3 Qe4 13. Ng5 Qh4 14. Nf3 Qh5 15. g4 Qxg4+ 16. Kh1 Be4 17. Rg1 Qxf3+ 18. Qxf3 Bxf3+ 19. Rg2 Ne4 20. Kg1 Bxg2 21. Kxg2 Bd6 22. f3 Nf6 23. Bd2 h5 24. Be1 h4 25. Kh3 O-O-O 26. Bxh4 Bxh2 27. Rh1 Bd6 28. Rg1 Rh7 29. Bc2 g6 30. f4 Be7 31. a3 Ne4 32. Rg4 f5 33. Rxg6 Rxh4+ 34. Kg2 Rg4+ 35. Kf3 Rxg6 36. Ke2 Rg2+ 37. Kf3 Rf2# 0-1

[Event "4NCL Online Division 7"]
[Site "online"]
[Date "2021.04.06"]
[EventDate "2021.04.06"]
[Round "6.363"]
[White "Lewis, Catherine"]
[WhiteElo "998"]
[WhiteTeam "Downend & Fishponds 3"]
[Black "Evans, Justin"]
[BlackElo "1250"]
[BlackTeam "Deaf England 2"]
[Result "1-0"]
[PlyCount "103"]

1. Nf3 e6 2. c4 Nc6 3. g3 d5 4. d4 Bb4+ 5. Nc3 dxc4 6. a3 Bxc3+ 7. bxc3 Nf6 8. a4 Ne4 9. Qc2 Nf6 10. Ba3 Qd5 11. Bg2 Qf5 12. Qxf5 exf5 13. O-O h6 14. Nd2 Na5 15. Rfe1 c6 16. Rab1 Bd7 17. e4 O-O-O 18. Bb4 Nb3 19. Nxc4 Nxd4 20. cxd4 Rhe8 21. Nd6+ Kb8 22. Nxe8 Rxe8 23. e5 Nd5 24. Bd6+ Kc8 25. Rec1 Be6 26. a5 a6 27. f4 g6 28. Rb2 Rd8 29. Kf2 g5 30. Bxd5 Bxd5 31. fxg5 hxg5 32. Be7 Rg8 33. Rcb1 b5 34. axb6 Kb7 35. Ke3 Be4 36. Ra1 Bd5 37. Bc5 Ra8 38. Rf2 Be6 39. h4 gxh4 40. gxh4 Rg8 41. Rh1 Rg3+ 42. Kd2 Bd5 43. Rhh2 Be6 44. h5 Rg7 45. h6 Rh7 46. Kc3 a5 47. Kb2 Bd7 48. Rfg2 Be6 49. Rg7 Rh8 50. h7 Ka6 51. Rg8 Rxg8 52. hxg8=Q 1-0

[Event "4NCL Online Division 7"]
[Site "online"]
[Date "2021.04.06"]
[EventDate "2021.04.06"]
[Round "6.364"]
[White "Mullins, Steven A"]
[WhiteElo "1000"]
[WhiteTeam "Deaf England 2"]
[Black "Platt, Bella"]
[BlackElo "754"]
[BlackTeam "Downend & Fishponds 3"]
[Result "1-0"]
[PlyCount "41"]

1. f4 e5 2. fxe5 Qh4+ 3. g3 Qe4 4. Nf3 Nc6 5. Nc3 Qg6 6. a3 Bc5 7. d4 Nxd4 8. Nxd4 Bxd4 9. Bg2 Qf6 10. exf6 gxf6 11. Qxd4 Ne7 12. Qxf6 Rf8 13. O-O d6 14. Bh6 Rg8 15. Qxf7+ Kd7 16. Bh3+ Kd8 17. Bxc8 Rxc8 18. Qe6 Rb8 19. Rf7 c5 20. Qxe7+ Kc8 21. Qc7# 1-0

[Event "4NCL Online Division 7"]
[Site "online"]
[Date "2021.04.20"]
[EventDate "2021.04.20"]
[Round "7.11"]
[White "Greet, Andrew N"]
[WhiteTitle "IM"]
[WhiteElo "2433"]
[WhiteTeam "Bearsden Grizzlies"]
[Black "Toczek, Grzegorz"]
[BlackTitle "FM"]
[BlackElo "2307"]
[BlackTeam "Newport A"]
[Result "0-1"]
[PlyCount "108"]

1. e4 c6 2. d4 d5 3. exd5 cxd5 4. Nf3 Nf6 5. Ne5 Nc6 6. Bb5 Bd7 7. Nxd7 Qxd7 8. c3 e6 9. O-O Bd6 10. Nd2 O-O 11. Re1 a6 12. Bd3 e5 13. dxe5 Nxe5 14. Nf3 Nxd3 15. Qxd3 Rfe8 16. Bg5 Ne4 17. Rad1 Nxg5 18. Nxg5 Rxe1+ 19. Rxe1 g6 20. Nf3 Rd8 21. g3 Bf8 22. Kg2 Bg7 23. Rd1 Qa4 24. a3 Bf6 25. Ne1 Qc6 26. Qf3 Kg7 27. Nd3 Qb5 28. Rd2 d4 29. c4 Qxc4 30. Qxb7 a5 31. h4 Rd5 32. b3 Qb5 33. Qxb5 Rxb5 34. Rb2 Be7 35. a4 Rb7 36. Kf3 f5 37. Rb1 Kf6 38. Ke2 Bd6 39. Ne1 Ke6 40. Kd3 Kd5 41. Nf3 Rb4 42. Nd2 Rb8 43. h5 Bb4 44. Nf3 Rc8 45. hxg6 hxg6 46. Nh4 Rc3+ 47. Ke2 d3+ 48. Ke3 d2+ 49. Kxd2 Ke4 50. Kd1 g5 51. f3+ Kd3 52. Ng2 Rc2 53. Ne1+ Bxe1 54. Kxe1 Rh2 0-1

[Event "4NCL Online Division 7"]
[Site "online"]
[Date "2021.04.20"]
[EventDate "2021.04.20"]
[Round "7.12"]
[White "Rakos, Adam"]
[WhiteElo "2157"]
[WhiteTeam "Newport A"]
[Black "Bucher, Goetz"]
[BlackElo "1969"]
[BlackTeam "Bearsden Grizzlies"]
[Result "1-0"]
[PlyCount "111"]

1. e4 e5 2. Nf3 Nf6 3. Nc3 Nc6 4. Bc4 Nxe4 5. Bxf7+ Kxf7 6. Nxe4 d5 7. Neg5+ Kg8 8. d4 e4 9. Ne5 Nxe5 10. dxe5 h6 11. Nxe4 Be6 12. Ng3 Bc5 13. O-O h5 14. Ne2 c6 15. Nd4 Bg4 16. f3 Qh4 17. fxg4 hxg4 18. Bf4 g3 19. hxg3 Qh2+ 20. Kf2 Rf8 21. Ke3 Qxg2 22. Qd3 Rh2 23. Rad1 g5 24. Rf3 gxf4+ 25. gxf4 Rh3 26. Rf1 Rxf3+ 27. Rxf3 Qg1+ 28. Ke2 Qg4 29. Kd2 Rxf4 30. Rg3 Rxd4 31. Rxg4+ Rxg4 32. Qh3 Rg7 33. e6 Re7 34. c3 Kg7 35. Qf5 Bd6 36. Qg5+ Kf8 37. Qf6+ Kg8 38. Kc2 Bc5 39. b4 Bd6 40. a4 b6 41. Kb3 a5 42. b5 cxb5 43. axb5 Bc5 44. Qg5+ Kf8 45. Qxd5 Kg7 46. Qf5 Kh6 47. Qf6+ Kh5 48. Kc4 Kg4 49. Kd5 Kg3 50. Ke4 Kg2 51. Qg6+ Kf2 52. Kd3 Kf3 53. Qf5+ Kg3 54. Ke2 Kg2 55. Qg4+ Kh2 56. Kf3 1-0

[Event "4NCL Online Division 7"]
[Site "online"]
[Date "2021.04.20"]
[EventDate "2021.04.20"]
[Round "7.13"]
[White "Watt, David A"]
[WhiteElo "1921"]
[WhiteTeam "Bearsden Grizzlies"]
[Black "Yeo, Gareth"]
[BlackElo "2133"]
[BlackTeam "Newport A"]
[Result "0-1"]
[PlyCount "104"]

1. e4 c5 2. Nf3 d6 3. d4 cxd4 4. Nxd4 e5 5. Nf3 Nf6 6. Nc3 h6 7. Bc4 Be6 8. Bb3 Nc6 9. O-O Be7 10. Re1 O-O 11. Nd5 Rc8 12. h3 Na5 13. Nxf6+ Bxf6 14. Bd5 Bxd5 15. Qxd5 Rxc2 16. b4 Qb6 17. Be3 Qxb4 18. Bd2 Qc5 19. Qxc5 Rxc5 20. Bb4 Rb5 21. Bxd6 Re8 22. Rab1 Rxb1 23. Rxb1 b6 24. Rc1 Re6 25. Rc8+ Kh7 26. Ba3 Rc6 27. Ra8 Rc7 28. Bd6 Rc1+ 29. Kh2 Nc6 30. Rc8 Rc4 31. Rc7 Bd8 32. Rc8 f6 33. g3 b5 34. Kg2 Bb6 35. Nh4 Nd4 36. Rf8 Rc2 37. Rf7 Ne6 38. Nf5 Rxf2+ 39. Kh1 h5 40. Re7 Nd4 41. Rxg7+ Kh8 42. Rf7 Nxf5 43. exf5 Rxf5 44. Be7 Rf1+ 45. Kg2 Rf2+ 46. Kh1 f5 47. Rf6 Kg7 48. Re6 e4 49. Bg5 Rxa2 50. Rf6 Rf2 51. g4 hxg4 52. hxg4 e3 0-1

[Event "4NCL Online Division 7"]
[Site "online"]
[Date "2021.04.20"]
[EventDate "2021.04.20"]
[Round "7.14"]
[White "Graczyk-Gibiec, Barbara"]
[WhiteElo "1930"]
[WhiteTeam "Newport A"]
[Black "Colston, Rob"]
[BlackElo "1874"]
[BlackTeam "Bearsden Grizzlies"]
[Result "1-0"]
[PlyCount "151"]

1. d4 e6 2. Nf3 d5 3. Bg5 Nf6 4. Nbd2 Be7 5. e3 Nbd7 6. Bd3 c5 7. c3 O-O 8. h3 Qc7 9. Bf4 Bd6 10. Bxd6 Qxd6 11. Qc2 e5 12. dxe5 Nxe5 13. Nxe5 Qxe5 14. Nf3 Qe7 15. O-O-O c4 16. Bf1 b5 17. Nd4 Bd7 18. g4 b4 19. Bg2 bxc3 20. Qxc3 Rab8 21. Ne2 Rfd8 22. Rd4 Bc6 23. Rhd1 h6 24. Nf4 Qc7 25. Nxd5 Bxd5 26. Bxd5 Nxd5 27. Rxd5 Rxd5 28. Rxd5 Qh2 29. Qe5 Qh1+ 30. Rd1 Qb7 31. Qc3 Qf3 32. Qe5 Rf8 33. Qg3 Qe2 34. Rd2 Qf1+ 35. Kc2 Qa1 36. a3 Qa2 37. e4 Rc8 38. Qc3 Rb8 39. Qe5 Qb3+ 40. Kc1 Rc8 41. Qc3 Qb7 42. f3 Qc7 43. e5 Qc5 44. Qd4 Qb5 45. Qd7 Qxd7 46. Rxd7 c3 47. b3 c2 48. Rd3 g5 49. b4 Kf8 50. b5 Rc5 51. a4 Rxe5 52. Kxc2 Ke7 53. Kd2 Rc5 54. Rc3 Rd5+ 55. Ke3 Rd7 56. Rc6 f6 57. Ke4 Rd1 58. Rc7+ Ke6 59. Rxa7 Re1+ 60. Kd3 Rf1 61. Ke2 Rb1 62. Ra6+ Ke5 63. b6 Kf4 64. a5 Rb3 65. Ra8 Rb2+ 66. Ke1 Ke3 67. Kd1 Kxf3 68. Rf8 Kg3 69. Rxf6 Kxh3 70. Rxh6+ Kxg4 71. Rh7 Kf3 72. b7 g4 73. a6 g3 74. Rg7 g2 75. Rxg2 Kxg2 76. a7 1-0

[Event "4NCL Online Division 7"]
[Site "online"]
[Date "2021.04.20"]
[EventDate "2021.04.20"]
[Round "7.21"]
[White "Kenworthy, Gary"]
[WhiteTitle "FM"]
[WhiteElo "2261"]
[WhiteTeam "Kings Head"]
[Black "Head, Louise"]
[BlackTitle "WFM"]
[BlackElo "2189"]
[BlackTeam "Celtic Tigers Cubs"]
[Result "1-0"]
[PlyCount "121"]

1. e4 c6 2. Nc3 d5 3. Nf3 Nf6 4. e5 Ne4 5. Qe2 Nxc3 6. dxc3 b6 7. Nd4 c5 8. e6 Bxe6 9. Nxe6 fxe6 10. Qh5+ Kd7 11. Bb5+ Nc6 12. Bf4 a6 13. Bxc6+ Kxc6 14. O-O-O Qd7 15. Rhe1 Rd8 16. Qf7 e5 17. Rxe5 e6 18. Rxe6+ Kb7 19. Qxd7+ Rxd7 20. c4 d4 21. Rde1 g6 22. g3 Bg7 23. a4 a5 24. Re7 Rd8 25. R1e6 Bf8 26. Rxd7+ Rxd7 27. Kd2 Rf7 28. h4 Be7 29. Ke2 Bd8 30. b3 Kc8 31. Be5 Kd7 32. Rd6+ Ke7 33. f4 Ke8 34. Kd3 Bc7 35. Rc6 Bd8 36. Ke4 Rd7 37. Rd6 Rf7 38. Kd5 Rf5 39. Kc6 Rf7 40. Kb5 Rb7 41. h5 gxh5 42. Rh6 Rd7 43. Rxh5 d3 44. cxd3 Rxd3 45. g4 Rxb3+ 46. Kc6 Rb4 47. Rxh7 Rxc4 48. Rh8+ Ke7 49. g5 Rxa4 50. Bf6+ Ke6 51. Bxd8 c4 52. Re8+ Kf7 53. Re4 Rb4 54. f5 c3 55. g6+ Kg7 56. Re7+ Kf6 57. Rf7+ Ke5 58. g7 Rg4 59. Bf6+ Kxf5 60. Bxc3+ Ke6 61. Rf8 1-0

[Event "4NCL Online Division 7"]
[Site "online"]
[Date "2021.04.20"]
[EventDate "2021.04.20"]
[Round "7.22"]
[White "Brixel, Christof, Dr."]
[WhiteElo "2038"]
[WhiteTeam "Celtic Tigers Cubs"]
[Black "Mackenzie, Colin"]
[BlackElo "2046"]
[BlackTeam "Kings Head"]
[Result "0-1"]
[PlyCount "134"]

1. d4 e6 2. Bf4 Nf6 3. Nc3 d5 4. Nb5 Na6 5. e3 Be7 6. h3 Bd7 7. Nf3 O-O 8. a3 c5 9. Nc3 Ne4 10. Nxe4 dxe4 11. Bxa6 Qa5+ 12. Nd2 Qxa6 13. Nxe4 cxd4 14. exd4 Bc6 15. f3 Rad8 16. c3 f6 17. Qc2 Rfe8 18. Rd1 e5 19. dxe5 Rxd1+ 20. Kxd1 fxe5 21. Be3 Qc4 22. Nd2 Rd8 23. b3 Qf7 24. a4 Bxf3+ 25. Kc1 Bxg2 26. Rh2 Bd5 27. Rf2 Qh5 28. Qf5 Qxf5 29. Rxf5 Bf6 30. Bxa7 Be6 31. Rf3 Bd5 32. Rd3 e4 33. Rg3 Be5 34. Rg4 Bxc3 35. Nxe4 Be5 36. Bb6 Rc8+ 37. Nc5 Bxb3 38. Rb4 Bd5 39. Kd2 Bd6 40. Rb5 Bc6 41. Ra5 Rf8 42. Nd3 h6 43. Bd4 Rd8 44. Kc3 Bc7 45. Rf5 Bxa4 46. Nc5 Bd7 47. Rd5 Bxh3 48. Rxd8+ Bxd8 49. Nxb7 Bf6 50. Nc5 Kf7 51. Kd3 Bxd4 52. Kxd4 Kf6 53. Ke4 Bf5+ 54. Kf3 g5 55. Nb3 Ke5 56. Nd2 h5 57. Nf1 h4 58. Nh2 Kd4 59. Nf1 Bc8 60. Nh2 Kd3 61. Nf1 g4+ 62. Kf4 Ke2 63. Nh2 g3 64. Nf3 g2 65. Nd4+ Kf2 66. Nf3 h3 67. Nh2 g1=Q 0-1

[Event "4NCL Online Division 7"]
[Site "online"]
[Date "2021.04.20"]
[EventDate "2021.04.20"]
[Round "7.23"]
[White "Thatte, Nishchal"]
[WhiteElo "1966"]
[WhiteTeam "Kings Head"]
[Black "Kelmendi, Bajrush"]
[BlackElo "1951"]
[BlackTeam "Celtic Tigers Cubs"]
[Result "0-1"]
[PlyCount "102"]

1. e4 g6 2. d4 Bg7 3. Nc3 b6 4. f4 Bb7 5. Nf3 e6 6. Bd3 Ne7 7. O-O d5 8. e5 a6 9. Be3 Nd7 10. b4 c5 11. bxc5 bxc5 12. dxc5 Qa5 13. Qd2 Nxc5 14. Ne4 Qxd2 15. Nd6+ Kf8 16. Nxd2 Nxd3 17. cxd3 Bc6 18. Rfc1 Bb5 19. Rc7 Nf5 20. Bc5 Nxd6 21. Bxd6+ Kg8 22. Rac1 Bf8 23. Bxf8 Kxf8 24. Rb7 Kg7 25. Rcc7 Rhf8 26. Nf3 Rab8 27. Rxb8 Rxb8 28. Ng5 Bxd3 29. Rxf7+ Kg8 30. Rxh7 Rb1+ 31. Kf2 Rb2+ 32. Ke3 Bf5 33. Re7 Rxg2 34. Nxe6 Rxa2 35. Nc7 a5 36. Nxd5 Rxh2 37. Ra7 Ra2 38. Ne7+ Kf8 39. Nxf5 gxf5 40. Kd4 Ra4+ 41. Kd5 Rxf4 42. Ke6 Rh4 43. Ra8+ Kg7 44. Kd7 Rd4+ 45. Ke7 a4 46. e6 f4 47. Ra5 Kg6 48. Kf8 f3 49. Re5 f2 50. Rf5 Kxf5 51. e7 Re4 0-1

[Event "4NCL Online Division 7"]
[Site "online"]
[Date "2021.04.20"]
[EventDate "2021.04.20"]
[Round "7.24"]
[White "White, John"]
[WhiteElo "1779"]
[WhiteTeam "Celtic Tigers Cubs"]
[Black "Bourke, Alex"]
[BlackElo "1824"]
[BlackTeam "Kings Head"]
[Result "1-0"]
[PlyCount "109"]

1. e4 d6 2. d4 Nf6 3. Nc3 g6 4. h3 Bg7 5. Bc4 Nxe4 6. Bxf7+ Kxf7 7. Nxe4 Rf8 8. c3 Kg8 9. Bg5 d5 10. Qb3 Rf7 11. Nc5 b6 12. Nd3 h6 13. Bh4 Ba6 14. Ne5 Bxe5 15. dxe5 c5 16. Nf3 Qd7 17. O-O-O Bc4 18. Qc2 Qe6 19. b3 Ba6 20. Qd2 Kg7 21. Qxd5 Qxd5 22. Rxd5 Bb7 23. Rd3 g5 24. Bg3 Nc6 25. Rhd1 Raf8 26. Rd7 e6 27. Rxf7+ Rxf7 28. Rd6 Re7 29. Nd2 Kg6 30. f4 Kf5 31. fxg5 Nxe5 32. gxh6 Bxg2 33. Bxe5 Kxe5 34. Nc4+ Kf6 35. h4 Rh7 36. Ne3 Bf3 37. Rd2 e5 38. Rd6+ Kf7 39. Kd2 Be4 40. Ng4 Ke7 41. Rf6 Bd5 42. Rg6 Be6 43. Nxe5 Bf7 44. Nxf7 Kxf7 45. Rg7+ Rxg7 46. hxg7 Kxg7 47. Ke3 Kg6 48. Ke4 Kh5 49. Kd5 Kxh4 50. Kc6 Kg5 51. Kb7 Kf5 52. Kxa7 b5 53. Kb6 b4 54. cxb4 cxb4 55. Kb5 1-0

[Event "4NCL Online Division 7"]
[Site "online"]
[Date "2021.04.20"]
[EventDate "2021.04.20"]
[Round "7.31"]
[White "Cole, Graham"]
[WhiteElo "1802"]
[WhiteTeam "Oxford 4"]
[Black "Williams, Simon K"]
[BlackTitle "GM"]
[BlackElo "2498"]
[BlackTeam "Battersea Cats"]
[Result "0-1"]
[PlyCount "76"]

1. e4 e6 2. d4 d5 3. Nc3 Nf6 4. Bg5 Be7 5. e5 Nfd7 6. h4 c5 7. Bxe7 Qxe7 8. Nb5 O-O 9. Nc7 cxd4 10. Nxa8 Nc6 11. Nf3 f6 12. exf6 Nxf6 13. Be2 e5 14. c3 d3 15. Bxd3 e4 16. Bxe4 dxe4 17. Nd4 Ng4 18. Rf1 e3 19. Qb3+ Kh8 20. O-O-O Nxd4 21. Rxd4 exf2 22. Rd2 Be6 23. Qb4 Qxb4 24. cxb4 Rxa8 25. Rd4 h5 26. b3 Rf8 27. Rd2 Bf5 28. Rfxf2 Nxf2 29. Rxf2 g6 30. Kd2 Rc8 31. Ke3 Re8+ 32. Kd4 Re4+ 33. Kc5 Rxh4 34. b5 Rg4 35. b6 axb6+ 36. Kxb6 Be4 37. a4 Bxg2 38. a5 h4 0-1

[Event "4NCL Online Division 7"]
[Site "online"]
[Date "2021.04.20"]
[EventDate "2021.04.20"]
[Round "7.32"]
[White "Connell, Blair N"]
[WhiteElo "2231"]
[WhiteTeam "Battersea Cats"]
[Black "Evans, Christopher J"]
[BlackElo "1820"]
[BlackTeam "Oxford 4"]
[Result "1-0"]
[PlyCount "59"]

1. d4 Nf6 2. Nc3 d5 3. Bf4 Bf5 4. e3 a6 5. Nf3 h6 6. Ne5 e6 7. g4 Bh7 8. h4 Nfd7 9. Bd3 Bxd3 10. cxd3 Nxe5 11. Bxe5 Nd7 12. Bg3 Bd6 13. Bxd6 cxd6 14. Qb3 Qb6 15. Qxb6 Nxb6 16. Kd2 Kd7 17. h5 f6 18. a4 Ke7 19. a5 Nd7 20. Ra4 b5 21. axb6 Nxb6 22. Ra5 Rhb8 23. Rha1 Nd7 24. Kc2 Rb6 25. f4 Nb8 26. f5 Ra7 27. fxe6 Kxe6 28. Nxd5 Rc6+ 29. Nc3 Rb7 30. d5+ 1-0